[Event "Congress"]
[Site "Blackpool ENG"]
[Date "2010.03.05"]
[Round "5"]
[White "Chapman,T"]
[Black "Haslinger,S"]
[Result "1/2-1/2"]
[WhiteElo "2232"]
[BlackElo "2538"]

1.Nf3 d5 2.g3 Nf6 3.Bg2 c6 4.O-O Bg4 5.h3 Bh5 6.d3 Nbd7 7.Nbd2 e5 8.e4 dxe4
9.dxe4 Bc5 10.a4 O-O 11.Qe2 Re8 12.Qc4 Qc7 13.Nh4 Rad8 14.Bf3 Bxf3 15.Nhxf3 Bf8
16.Nb3 Qd6 17.Be3 Nb6 18.Qe2 Qb4 19.Bxb6 axb6 20.Nfd2 Ra8 21.c3 Qe7 22.Kg2 Ra6
23.Nc4 Rea8 24.a5 bxa5 25.Rxa5 b5 26.Rxa6 Rxa6 27.Ncd2 Ra2 28.Rb1 Qd6 29.Nf1 h6
30.Ra1 Qa3 31.Rxa2 Qxa2 32.Nc1 Qb1 33.Nd3 Bd6 34.f3 c5 35.Qd2 c4 36.Nb4 Bc5
37.Nd5 Ne8 38.Nfe3 g6 39.h4 h5 40.Qc2 Qe1 41.Qf2 Qc1 42.Qe2 Nc7 43.Nf1 Ne6
44.Qd2 Qxd2+ 45.Nxd2 Kf8 46.b3 cxb3 47.Nxb3 Ba7 48.Nc1 Bb8 49.Nd3 Bd6 50.g4 Nc7
51.Ne3 hxg4 52.fxg4 f6 53.c4 bxc4 54.Nxc4 Be7 55.h5 Kg7 56.hxg6 Kxg6 57.Ndxe5+ fxe5
58.Nxe5+ Kg5 59.Kf3 Ne6 60.Nc6 Bd6 61.e5 Bc7 62.Ke4 Kxg4 63.Kd5 Nf4+ 64.Ke4 Kg5
65.Ne7 Bd8 66.Nc6 Bb6 67.Ne7 Bc5 68.Nd5 Ne6 69.Nc3 Kg6 70.Kd5 Kf7 71.Ne4 Ba3
72.Nd6+  1/2-1/2

[Event "26th ChessOrg Schachfestival"]
[Site "Bad Woerishofen GER"]
[Date "2010.03.06"]
[Round "1"]
[White "Romanishin,O"]
[Black "Ellinger,P"]
[Result "1-0"]
[WhiteElo "2513"]
[BlackElo "2023"]

1.Nf3 d5 2.g3 Bg4 3.Bg2 c6 4.c4 Nd7 5.cxd5 cxd5 6.Qb3 Qc7 7.Nc3 Bxf3 8.Bxf3 e6
9.d4 a6 10.e4 dxe4 11.Nxe4 Rd8 12.O-O Qb6 13.Bf4 Qxb3 14.axb3 Nb8 15.Nc5 Bxc5
16.dxc5 Nc6 17.Bxc6+ bxc6 18.Rxa6 Ne7 19.Bd6 Rc8 20.Rd1 Nd5 21.Rda1 Ne7 22.Ra8 Kd8
23.R1a7 Re8 24.Bxe7+  1-0

[Event "26th ChessOrg Schachfestival"]
[Site "Bad Woerishofen GER"]
[Date "2010.03.06"]
[Round "1"]
[White "Espig,L"]
[Black "Gerhards,W"]
[Result "1-0"]
[WhiteElo "2380"]
[BlackElo "2005"]

1.Nf3 d5 2.g3 Nf6 3.Bg2 e6 4.O-O Bd6 5.d4 O-O 6.c4 c6 7.Qc2 Qe7 8.Bf4 Nbd7
9.Nbd2 Re8 10.Bxd6 Qxd6 11.e4 Nxe4 12.Nxe4 dxe4 13.Qxe4 Nf6 14.Qe3 Bd7 15.Ne5 Rad8
16.Rad1 Bc8 17.Rd3 Nd7 18.Rfd1 Qe7 19.Nf3 Nf8 20.a3 Ng6 21.h4 Qf6 22.Ne5 h6
23.Be4 Nxe5 24.dxe5 Rxd3 25.Rxd3 Qe7 26.Qxa7 Rd8 27.Rxd8+ Qxd8 28.Qb8 g6
29.b4 Kg7 30.Kg2 Qd4 31.Bf3 Qd7 32.a4 b5 33.axb5 cxb5 34.c5 g5 35.hxg5 hxg5
36.Qd6 Qa7 37.Qd8 g4 38.Qg5+ Kf8 39.Qxg4 Bd7 40.Qd4 Be8 41.Qd6+ Kg7 42.c6 Qa6
43.c7 Qc8 44.Qd8 Bd7 45.Kg1  1-0

[Event "11th EICC Men"]
[Site "Rijeka CRO"]
[Date "2010.03.06"]
[Round "1"]
[White "Azaladze,S"]
[Black "Meier,Geo"]
[Result "1/2-1/2"]
[WhiteElo "2433"]
[BlackElo "2663"]

1.Nf3 d5 2.g3 c6 3.Bg2 Bg4 4.O-O e6 5.d3 Bd6 6.e4 Ne7 7.Nbd2 O-O 8.h3 Bh5
9.Qe1 c5 10.e5 Bc7 11.g4 Bg6 12.Nh4 Nbc6 13.f4 Nd4 14.Qd1 f6 15.Ndf3 Nxf3+
16.Nxf3 Nc6 17.Qe2 fxe5 18.fxe5 Qd7 19.Bg5 Rf7 20.Bh4 Raf8 21.Bg3 h6 22.Kh2 Bh7
23.Rad1 b5 24.h4 Bd8 25.b3 b4 26.h5 a5 27.Rf2 a4 28.Rdf1 a3 29.Qd2 c4 30.dxc4 dxc4
31.bxc4 Bb6 32.Qxd7 Rxd7 33.Re2 Bc5 34.Bf2 Bxf2 35.Rexf2 Rf4 36.Kg3 Rdf7
37.c5 Rc4 38.g5 hxg5 39.Nxg5 Rxf2 40.Rxf2 Rxc2 41.Bxc6 Rxf2 42.Kxf2 b3 43.Bd7 b2
44.Bxe6+ Kh8 45.Nf7+ Kg8 46.Ng5+  1/2-1/2

[Event "4th MGU Open"]
[Site "Sofia BUL"]
[Date "2010.03.06"]
[Round "2"]
[White "Kolev,Vel"]
[Black "Andreev,Do"]
[Result "0-1"]
[WhiteElo "1933"]
[BlackElo "2071"]

1.Nf3 d5 2.g3 Nf6 3.Bg2 Bg4 4.h3 Bxf3 5.Bxf3 c6 6.d3 Nbd7 7.Nd2 e6 8.c4 Be7
9.O-O O-O 10.a3 Qc7 11.b4 a5 12.b5 cxb5 13.cxb5 Rfc8 14.a4 Qc2 15.Nb3 Bb4
16.Qxc2 Rxc2 17.Nd4 Rc7 18.Bb2 Rac8 19.b6 Nxb6 20.Nb5 Rc2 21.Bd4 Nfd7 22.e4 Bc5
23.Bd1 Bxd4 24.Nxd4 Rd2 25.exd5 Nxd5 26.Nb3 Rxd3 27.Nxa5 b6 28.Nb7 Nc3 29.Kg2 Rc7
30.Nd8 Nc5 31.Bf3 Rxd8 32.Rfc1 Nb3  0-1

[Event "26th ChessOrg Schachfestival"]
[Site "Bad Woerishofen GER"]
[Date "2010.03.07"]
[Round "2"]
[White "Safyanowsky,M"]
[Black "Mack,T"]
[Result "1-0"]
[WhiteElo "2292"]
[BlackElo "2079"]

1.Nf3 d5 2.g3 c6 3.Bg2 Bg4 4.c4 e6 5.b3 Nf6 6.Bb2 Nbd7 7.d3 Bd6 8.Nbd2 e5
9.h3 Bh5 10.Nh4 Bg6 11.O-O O-O 12.cxd5 cxd5 13.e4 d4 14.Nf5 Bb4 15.Rc1 b5
16.a3 Ba5 17.b4 Bb6 18.Nb3 Bxf5 19.exf5 Rc8 20.Qe2 Re8 21.Rxc8 Qxc8 22.Rc1 Qb8
23.Qc2 a6 24.Nd2 h6 25.Qc6 e4 26.Nxe4 Nxe4 27.Bxe4 Ne5 28.Qc2 Nc4 29.dxc4 bxc4
30.Qxc4 Rxe4 31.Qxa6  1-0

[Event "11th EICC Women"]
[Site "Rijeka CRO"]
[Date "2010.03.07"]
[Round "2"]
[White "Franciskovic,B"]
[Black "Samanic,V"]
[Result "1-0"]
[WhiteElo "2245"]
[BlackElo "1607"]

1.Nf3 d5 2.g3 Nc6 3.d4 g6 4.Bg2 Bg7 5.O-O Nf6 6.c4 e6 7.Nc3 O-O 8.Bf4 Ne7
9.Qc2 Nf5 10.Rad1 Re8 11.Nb5 Nd6 12.Nxd6 cxd6 13.cxd5 Nxd5 14.Bg5 Qa5 15.e4 Ne7
16.Qb3 Rb8 17.Bd2 Qd8 18.Qa3 a6 19.Bf4 Bd7 20.Bxd6 Rc8 21.Rfe1 Bb5 22.Bf1 Bxf1
23.Rxf1 Rc6 24.Be5 Bxe5 25.dxe5 Qc7 26.Qe3 Kg7 27.Qf4 Rc5 28.Rc1 h6 29.h4 Qa5
30.b4 Qxb4 31.Rb1 Qa5 32.Rxb7 Rc7 33.Rxc7 Qxc7 34.Rc1 Qd7 35.Qf6+ Kg8 36.Nh2 Rf8
37.Ng4 Kh7 38.Qf4 Ng8 39.Qxh6+ Nxh6 40.Nf6+ Kg7 41.Nxd7 Rd8 42.Rc7 Ng4 43.f3 Nh6
44.Kf2 Ng8 45.Ke2 a5 46.a4 Kh6 47.Nc5 Kg7 48.Nxe6+ Kh8 49.Nxd8 Nh6 50.Nxf7+ Nxf7
51.Rxf7 Kg8 52.e6 g5 53.Ke3 gxh4 54.gxh4 Kh8 55.Kf4 Kg8 56.Kg5 Kh8 57.Kg6 Kg8
58.f4 Kh8 59.Rf8+  1-0

[Event "11th EICC Women"]
[Site "Rijeka CRO"]
[Date "2010.03.07"]
[Round "2"]
[White "Doluhanova,E"]
[Black "Gunina,V"]
[Result "1/2-1/2"]
[WhiteElo "2297"]
[BlackElo "2457"]

1.Nf3 d5 2.g3 Nf6 3.Bg2 Bf5 4.d3 e6 5.Nbd2 Be7 6.O-O O-O 7.Qe1 h6 8.e4 Bh7
9.Qe2 c5 10.Ne5 Qc7 11.f4 Re8 12.c4 dxc4 13.dxc4 Rd8 14.Nb3 a5 15.a4 Nbd7
16.Nd3 Nb6 17.Nf2 Nfd7 18.Bd2 Nb8 19.Nxa5 Ra7 20.Bc3 N8d7 21.Ng4 Rda8 22.f5 e5
23.Nb3 Rxa4 24.Rxa4 Nxa4 25.Ra1 Ra6 26.Qc2 Nxc3 27.Rxa6 bxa6 28.Qxc3 Qd6
29.Ne3 g6 30.g4 Bg5 31.Nd5 Nf6 32.h3 h5 33.Bf3 hxg4 34.hxg4 gxf5 35.gxf5 Nxd5
36.cxd5 Qh6 37.Qc2 Be3+ 38.Kf1 Qf4 39.Qg2+ Kf8 40.Ke2 c4 41.Na5 Bc5 42.Nxc4 Bxf5
43.Qh1 Kg8 44.Qg2+ Bg6 45.d6 Qc1 46.Kd3 Qb1+ 47.Qc2 Qg1 48.Qc3 Bd4 49.Qd2 f5
50.Qg2 fxe4+ 51.Kd2 e3+ 52.Ke2 Qxg2+ 53.Bxg2 Bh5+ 54.Kd3 Kf7 55.Bd5+ Kf6
56.Nxe3 Bxb2 57.Nc4 Bd4 58.Bb7 Bg6+ 59.Kd2 e4 60.Bxa6 Be8 61.Bb7 Bb5 62.Bd5 Kf5
63.Ne3+ Kf4 64.Nc4 Bd7 65.Bb7 e3+ 66.Nxe3 Bxe3+ 67.Kd3 Bc5 68.Kc4 Bxd6 69.Kd5 Be5
70.Kc5 Kf5 71.Kb6 Kf6 72.Bg2 Bd4+ 73.Kb7 Ke7 74.Bh1  1/2-1/2

[Event "11th EICC Women"]
[Site "Rijeka CRO"]
[Date "2010.03.07"]
[Round "2"]
[White "Chelushkina,I"]
[Black "Javakhishvili,L"]
[Result "1-0"]
[WhiteElo "2319"]
[BlackElo "2492"]

1.g3 d5 2.Nf3 c6 3.Bg2 Bg4 4.d4 Nd7 5.O-O e6 6.Nbd2 f5 7.c4 Bd6 8.Qb3 Rb8
9.cxd5 cxd5 10.Nb1 Ngf6 11.Nc3 O-O 12.Nb5 Be7 13.Bf4 Ne4 14.Rfc1 a6 15.Nc7 Rf6
16.Nxd5 exd5 17.Qxd5+ Kf8 18.Bxb8 Nxb8 19.Qxd8+ Bxd8 20.Rc8 Ke7 21.Rxb8 Rb6
22.h3 Bxf3 23.exf3 Nd6 24.b3 Rb4 25.Rd1 Kd7 26.f4 Kc7 27.Ra8 h6 28.Bd5 Bf6
29.Be6 Rxd4 30.Rxd4 Bxd4 31.Kg2 Bf6 32.f3 Kc6 33.g4 fxg4 34.fxg4 Kc5 35.Rg8 Kb4
36.g5 hxg5 37.fxg5 Bb2 38.Rd8 Be5 39.a4 Ne4 40.h4 Nc5 41.Re8 Ba1 42.Bd5 g6
43.Rg8 b5 44.axb5 axb5 45.Rxg6 Nd3 46.Ra6 Bb2 47.Kf3 Kc5 48.Be4 Ne5+ 49.Kf4 Kb4
50.g6 Nd7 51.Kf5 Nc5 52.Ra7 Nxb3 53.g7 Nd4+ 54.Kg6  1-0

[Event "11th EICC Men"]
[Site "Rijeka CRO"]
[Date "2010.03.07"]
[Round "2"]
[White "Pantsulaia,L"]
[Black "Saric,A"]
[Result "1/2-1/2"]
[WhiteElo "2588"]
[BlackElo "2483"]

1.Nf3 d5 2.g3 c5 3.c4 d4 4.e3 Nc6 5.exd4 cxd4 6.d3 e5 7.Bg2 Nf6 8.O-O Be7
9.b4 Bxb4 10.Nxe5 Nxe5 11.Qa4+ Nfd7 12.Qxb4 Nxd3 13.Qd6 N7c5 14.Qxd8+ Kxd8
15.Ba3 Kc7 16.Nd2 Bd7 17.Nb3 Nxb3 18.axb3 Bc6 19.Rfd1 Ne5 20.Rxd4 Rad8 21.Bb2 Rxd4
22.Bxd4 Nf3+ 23.Bxf3 Bxf3 24.Bxg7 Rd8 25.b4 a6 26.h3 Rd1+ 27.Kh2 Rxa1 28.Bxa1 f5
29.Kg1 Be2 30.c5 Bf3  1/2-1/2

[Event "FSIM March"]
[Site "Budapest HUN"]
[Date "2010.03.08"]
[Round "3"]
[White "Berczes,C"]
[Black "Lengyel,B"]
[Result "1-0"]
[WhiteElo "2376"]
[BlackElo "2267"]

1.Nf3 d5 2.g3 c6 3.Bg2 Bg4 4.O-O Nd7 5.c4 e6 6.cxd5 exd5 7.d3 Ngf6 8.Nc3 Bc5
9.Qb3 Qb6 10.Qc2 Be7 11.e4 dxe4 12.dxe4 Bxf3 13.Bxf3 O-O 14.Be2 a5 15.Be3 Qc7
16.Rad1 Nc5 17.f4 Rfd8 18.e5 Nfd7 19.Rc1 a4 20.Ne4 Nxe4 21.Qxe4 Nb6 22.Bd3 g6
23.f5 Nd5 24.Bd4 Bg5 25.e6 Bxc1 26.Rxc1 f6 27.fxg6 hxg6 28.Qxg6+ Qg7 29.Qe4 Ne7
30.Bxf6 Qh6 31.Qg4+ Kf8 32.Bg5  1-0

[Event "11th EICC Women"]
[Site "Rijeka CRO"]
[Date "2010.03.08"]
[Round "3"]
[White "Kochetkova,J"]
[Black "Peng Zhaoqin"]
[Result "1/2-1/2"]
[WhiteElo "2313"]
[BlackElo "2401"]

1.Nf3 d5 2.g3 c6 3.Bg2 Bf5 4.O-O Nf6 5.d3 h6 6.Nbd2 e6 7.c4 Be7 8.b3 O-O
9.Bb2 Nbd7 10.Rc1 Bh7 11.Rc2 a5 12.a3 Re8 13.Qa1 Bf8 14.Rcc1 Qb6 15.Ne5 Rad8
16.Nxd7 Nxd7 17.d4 f5 18.Bc3 Bg6 19.Qb2 Bh5 20.e3 Qa6 21.Rfe1 b5 22.c5 a4
23.Bf1 Ra8 24.b4 g5 25.Bg2 g4 26.h3 gxh3 27.Bxh3 Nf6 28.f3 Qb7 29.Kh2 Qh7
30.Rg1 Ra7 31.Rce1 Bg6 32.Nf1 h5 33.Kg2 Rf7 34.Kf2 Be7 35.Ke2 Bd8 36.Kd1 Kf8
37.Kc1 Ke7 38.Qf2 Kd7 39.Nd2 Rg8 40.Bg2 Bc7 41.Bh1 Rfg7 42.Nf1 Be8 43.Rg2 Rg5
44.Re2 Qg7 45.Be1 Qe7 46.Rc2 R5g7 47.Qe2 Bg6 48.Rb2 Kc8 49.Rh2 Be8 50.Rc2 Bg6
51.Rb2 e5 52.Bc3 e4 53.f4 Ng4 54.Rh3 Bd8 55.Be1 Rh7 56.Nh2 Rgh8 57.Rc2 Qe6
58.Nxg4 fxg4 59.Rh2 Bf5 60.Qf1 Bf6 61.Qg1 Qe7 62.Bg2 h4 63.Bf1 hxg3 64.Bxg3 Bh4
65.Rcg2 Bxg3 66.Rxh7 Qxh7 67.Rxg3 Qh1 68.Kd1 Kd8 69.Qxh1 Rxh1 70.Ke2 Ke7
71.Kf2 Kf6  1/2-1/2

[Event "11th EICC Women"]
[Site "Rijeka CRO"]
[Date "2010.03.08"]
[Round "3"]
[White "Kovalevskaya,E"]
[Black "Chelushkina,I"]
[Result "0-1"]
[WhiteElo "2438"]
[BlackElo "2319"]

1.Nf3 d5 2.g3 c5 3.Bg2 Nc6 4.O-O e5 5.d3 Be7 6.e4 d4 7.Nbd2 Be6 8.Nc4 Qc7
9.a4 h5 10.h4 f6 11.Nh2 g5 12.hxg5 fxg5 13.Nf3 Bg4 14.Qe1 Bxf3 15.Bxf3 O-O-O
16.Kg2 g4 17.Be2 Nf6 18.Bg5 Nh7 19.Bxe7 Qxe7 20.Rh1 Qf7 21.Qd2 Rhf8 22.Raf1 Qg6
23.f4 gxf3+ 24.Rxf3 Rg8 25.Qe1 Rg7 26.Rf5 Rdg8 27.Rfxh5 Kb8 28.R5h3 a6 29.a5 Nf8
30.Bh5 Qg5 31.Qd2 Qxd2+ 32.Nxd2 Ne6 33.Kf2 Nxa5 34.Bd1 Nc6 35.Nf3 Ka7 36.Rh6 Ng5
37.Rh8 Rxh8 38.Rxh8 Nxf3 39.Kxf3 b5 40.Rh5 c4 41.dxc4 bxc4 42.c3 Rf7+ 43.Rf5 Rb7
44.Ba4 Rxb2 45.Bxc6 dxc3 46.Ke3 Rg2 47.Bd5 Rxg3+ 48.Ke2 Rg1 49.Rf7+ Kb6 50.Rb7+ Ka5
51.Rc7 c2 52.Rc5+ Kb6  0-1

[Event "11th EICC Men"]
[Site "Rijeka CRO"]
[Date "2010.03.08"]
[Round "3"]
[White "Chudinovskikh,A"]
[Black "Miron,L"]
[Result "1/2-1/2"]
[WhiteElo "2314"]
[BlackElo "2482"]

1.Nf3 d5 2.g3 Nd7 3.Bg2 e5 4.d3 Ngf6 5.O-O Bd6 6.Nbd2 O-O 7.e4 c6 8.Re1 Re8
9.b3 b5 10.exd5 cxd5 11.Bb2 Bb7 12.Nh4 Qb6 13.a4 a6 14.axb5 axb5 15.Rxa8 Bxa8
16.Nf5 Bb4 17.c3 Bf8 18.d4 e4 19.b4 Bc6 20.Nb3 Ra8 21.Bc1 Ra2 22.Re2 Qa6
23.Rxa2 Qxa2 24.Na5 Nb8 25.Bf4 Bd7 26.Ne3 Nc6 27.Nxc6 Bxc6 28.Bf1 Qa3 29.Qd2 Nd7
30.Nc2 Qb2 31.Qc1 Qxc3 32.Bd2 Qf3 33.Na3 Qf6 34.Nxb5 Nb8 35.Bf4 Bxb5 36.Bxb5 Qb6
37.Bf1 Nc6 38.b5 Nxd4 39.Qc7 Nf3+ 40.Kg2 Ne1+ 41.Kg1 Nf3+ 42.Kg2 Ne1+ 43.Kg1  1/2-1/2

[Event "11th EICC Men"]
[Site "Rijeka CRO"]
[Date "2010.03.08"]
[Round "3"]
[White "Minasian,Art"]
[Black "Gustafsson,J"]
[Result "0-1"]
[WhiteElo "2568"]
[BlackElo "2646"]

1.Nf3 d5 2.g3 g6 3.Bg2 Bg7 4.O-O Nf6 5.c4 c6 6.Qc2 O-O 7.b3 e5 8.Nxe5 Ng4
9.d4 Nxe5 10.dxe5 Bxe5 11.Bb2 Bf5 12.Qd2 Bxb2 13.Qxb2 dxc4 14.bxc4 Qb6 15.Qc3 Na6
16.e4 Be6 17.Nd2 Qb4 18.Qxb4 Nxb4 19.Rab1 Nxa2 20.Rxb7 Rfb8 21.Rfb1 Rxb7
22.Rxb7 a5 23.e5 Rd8 24.Rb2 Nb4 25.h4 Nd3 26.Ra2 Nb4 27.Rb2 Kg7 28.f4 h5
29.Kh2 Nd3 30.Ra2 Nb4 31.Rb2 Bf5 32.Nb3 a4 33.Nc5 Nd3 34.Nxd3 Rxd3 35.Bxc6 a3
36.Rg2 Rc3 37.Bd5 Bb1 38.c5 Rxc5 39.Ba2 Rb5 40.e6 fxe6  0-1

[Event "11th EICC Men"]
[Site "Rijeka CRO"]
[Date "2010.03.08"]
[Round "3"]
[White "Danielsen,Hen"]
[Black "Petrosian,TL"]
[Result "0-1"]
[WhiteElo "2494"]
[BlackElo "2612"]

1.g3 d5 2.Nf3 Nf6 3.Bg2 c6 4.O-O Bg4 5.d4 Nbd7 6.Nbd2 e6 7.Re1 Be7 8.e4 dxe4
9.Nxe4 O-O 10.c3 Qb6 11.Qb3 Rfe8 12.Bf4 Nd5 13.Bd6 Bxf3 14.Bxf3 f5 15.Nc5 Nxc5
16.Bxc5 Bxc5 17.dxc5 Qxc5 18.Re5 Qb6 19.Qc2 Re7 20.Rae1 Rae8 21.Be2 g6 22.Bc4 Kf7
23.Qd2 Nf6 24.Bb3 Ne4 25.Qf4 Nc5 26.Bc4 Nd7 27.R5e2 Nf6 28.Bb3 Nd5 29.Qh6 Nf6
30.h4 Qc5 31.Kg2 b5 32.f3 Qd6 33.Re5 c5 34.g4 c4 35.Bc2 a6 36.R1e2 Rg8 37.Qf4 Qc6
38.Kh2 Rge8 39.h5 Qc7 40.Kh3 Qc6 41.Kh2 Qc7 42.Kh3 Qb7 43.Kh2 Kg7 44.Qg3 Kf7
45.Qf4 g5 46.Qg3 h6 47.Qh3 Nd7 48.gxf5 Nxe5 49.Rxe5 Rd8 50.fxe6+ Kg8 51.Qg2 Rf8
52.Be4 Qc7 53.Qg3 Rf4 54.Qe1 Kg7 55.Bd5 Kf6 56.Re2 Rh4+ 57.Kg1 Qc5+  0-1

[Event "11th EICC Men"]
[Site "Rijeka CRO"]
[Date "2010.03.09"]
[Round "4"]
[White "Movsesian,S"]
[Black "Chirila,I"]
[Result "1-0"]
[WhiteElo "2709"]
[BlackElo "2487"]

1.Nf3 d5 2.g3 Bg4 3.Bg2 Nd7 4.c4 e6 5.cxd5 exd5 6.O-O c6 7.d3 Bd6 8.h3 Bh5
9.Qc2 Ne7 10.Nc3 O-O 11.e4 f6 12.Nh4 Bf7 13.f4 Qc7 14.Nf3 a6 15.Bd2 c5 16.Rac1 Rac8
17.Kh1 b5 18.Qd1 dxe4 19.dxe4 c4 20.b4 Rfd8 21.a3 Nc6 22.Nd5 Qb8 23.Bc3 Nb6
24.Nh4 Nxd5 25.exd5 Ne7 26.Rc2 Rc7 27.Re1 Rcd7 28.Rce2 Kf8 29.Re6 Bc7 30.Qg4 Nxd5
31.Bxd5 Rxd5 32.Rxf6 R5d7 33.Rd6 Bd5+ 34.Rxd5 Qb7 35.Qf5+ Rf7 36.Qxh7 Qxd5+
37.Kh2 Rf6 38.Bxf6 Qd2+ 39.Ng2  1-0

[Event "11th EICC Men"]
[Site "Rijeka CRO"]
[Date "2010.03.09"]
[Round "4"]
[White "Lanzani,M"]
[Black "Neagos,R"]
[Result "1/2-1/2"]
[WhiteElo "2371"]
[BlackElo "2100"]

1.Nf3 d5 2.g3 g6 3.Bg2 Bg7 4.d4 Nf6 5.O-O O-O 6.c4 dxc4 7.Na3 c3 8.bxc3 c5
9.Ne5 Nc6 10.Nxc6 bxc6 11.Bxc6 Bh3 12.Re1 Rc8 13.Bf3 Qa5 14.Bb2 cxd4 15.cxd4 Bg4
16.Bxg4 Nxg4 17.Qd3 Rb8 18.Nc4 Qh5 19.h4 Rfd8 20.Bc3 Rbc8 21.Ne3 Rxc3 22.Qxc3 Bxd4
23.Qc7 Bb6 24.Qxe7 Nxe3 25.fxe3 Qg4 26.Qe5 Qa4 27.Rf1 Re8 28.Qf6 Bxe3+ 29.Kh2 Qc4
30.Qf3 Bd2 31.Rf2 Be3 32.Rg2 Bb6 33.Qb3 Qc7 34.Rf1 Re4  1/2-1/2

[Event "11th EICC Men"]
[Site "Rijeka CRO"]
[Date "2010.03.09"]
[Round "4"]
[White "Meier,Geo"]
[Black "Yilmaz,M"]
[Result "1-0"]
[WhiteElo "2663"]
[BlackElo "2468"]

1.Nf3 d5 2.g3 Nf6 3.Bg2 c6 4.O-O Bf5 5.c4 e6 6.cxd5 cxd5 7.Qb3 Qb6 8.Qxb6 axb6
9.Nc3 Nc6 10.d3 h6 11.Nb5 Kd7 12.Bd2 Be7 13.Bc3 Rhc8 14.a3 Bh7 15.Rac1 Ke8
16.Rc2 Na7 17.Nxa7 Rxa7 18.Rfc1 Raa8 19.Bd4 Rxc2 20.Rxc2 Bd8 21.Ne5 g5 22.Bf3 h5
23.h3 Bf5 24.g4 hxg4 25.hxg4 Bh7 26.e3 Nd7 27.Be2 Bf6 28.Nf3 Bxd4 29.Nxd4 Nc5
30.Rc3 Kd7 31.Nb5 Bg6 32.d4 Na6 33.Rc1 Rc8 34.Nc3 Nb8 35.Kg2 Kd8 36.Kg3 Nd7
37.Bb5 Nf6 38.f3 Ne8 39.Bxe8 Kxe8 40.f4 gxf4+ 41.Kxf4 f6 42.g5 fxg5+ 43.Kxg5 Bd3
44.Na2 Rxc1 45.Nxc1 Bc4 46.Kf6 Kd7 47.b3 Bf1 48.Na2 Kd6 49.Nc3 Bd3 50.Kf7 e5
51.Kf6 exd4 52.exd4 Bc2 53.b4 Be4 54.Na4 Bc2 55.Nxb6 Kc6 56.Nc8 Kb5 57.Ke5 Bb3
58.Nd6+ Ka4 59.Nxb7 Kxa3 60.b5 Kb4  1-0

[Event "ch-BUL U20"]
[Site "Sofia BUL"]
[Date "2010.03.09"]
[Round "3"]
[White "Janev,T"]
[Black "Ivanov,StojanL"]
[Result "1/2-1/2"]
[WhiteElo "2325"]
[BlackElo "2197"]

1.Nf3 d5 2.g3 Nf6 3.Bg2 Bf5 4.O-O e6 5.c4 c6 6.Qb3 Qb6 7.Nc3 Nbd7 8.d4 Be7
9.c5 Qxb3 10.axb3 O-O 11.b4 a6 12.Bf4 h6 13.h3 Rfe8 14.Nd2 Bf8 15.g4 Bh7
16.Bg3 e5 17.dxe5 Nxe5 18.f4 Ned7 19.f5 a5 20.Rxa5 Rxa5 21.bxa5 Bxc5+ 22.Bf2 Bb4
23.Nb3 h5 24.g5 Bxc3 25.bxc3 Ne4 26.Bxe4 Rxe4 27.Nd4 c5 28.Nb5 Bxf5 29.Nd6 Bxh3
30.Nxe4 Bxf1 31.Nd6 Bxe2 32.Nxb7 Kh7 33.Nxc5 Nxc5 34.Bxc5 Kg6 35.Kf2 Ba6
36.Bd4 Kxg5 37.Bxg7 Kf4 38.Bh6+ Kg4 39.Ke3 h4 40.Bf4 Bb7 41.Bc7 f5 42.Bb8 Kh3
43.Kf2  1/2-1/2

[Event "81st ch-GER"]
[Site "Bad Liebenzell GER"]
[Date "2010.03.10"]
[Round "6"]
[White "Prusikin,M"]
[Black "Namyslo,H"]
[Result "1-0"]
[WhiteElo "2542"]
[BlackElo "2326"]

1.Nf3 d5 2.g3 Nf6 3.Bg2 e6 4.O-O Be7 5.d3 c5 6.Nbd2 Nc6 7.e4 b6 8.Re1 Bb7
9.c3 Qc7 10.Nf1 h6 11.Bf4 Qd7 12.Qe2 O-O-O 13.b4 g5 14.Ne5 Qe8 15.Nxc6 Qxc6
16.Be5 dxe4 17.dxe4 Rhg8 18.a4 Rg6 19.b5 Qe8 20.Bxf6 Bxf6 21.e5 Bxg2 22.Kxg2 Bh8
23.a5 Qd7 24.axb6 Qb7+ 25.Kg1 axb6 26.Ra6 Kd7 27.Rd1+ Ke7 28.Rxd8 Kxd8 29.Qd2+ Qd5
30.Ra8+  1-0

[Event "26th ChessOrg Schachfestival"]
[Site "Bad Woerishofen GER"]
[Date "2010.03.10"]
[Round "5"]
[White "Espig,L"]
[Black "Burmakin,V"]
[Result "0-1"]
[WhiteElo "2380"]
[BlackElo "2604"]

1.Nf3 d5 2.g3 Nf6 3.Bg2 Bf5 4.d3 e6 5.Nbd2 h6 6.O-O Be7 7.Qe1 Bh7 8.e4 O-O
9.Qe2 c5 10.b3 Nc6 11.Bb2 Qc7 12.Rfe1 Rad8 13.a3 Nd7 14.Nf1 dxe4 15.dxe4 Bf6
16.c3 Qb6 17.b4 Nde5 18.Nxe5 Nxe5 19.c4 a6 20.Ne3 Nd7 21.Bxf6 Nxf6 22.e5 Ne4
23.Nf1 Rd4 24.Qe3 Rfd8 25.Rab1 Qc7 26.bxc5 Nxc5 27.Rb4 Be4 28.Ra1 Bxg2 29.Kxg2 Nd3
30.Rd1 Nf4+ 31.gxf4 Rxd1 32.Ng3 a5 33.Rb5 Qxc4 34.Rxb7  0-1

[Event "FSIM March"]
[Site "Budapest HUN"]
[Date "2010.03.10"]
[Round "5"]
[White "Berczes,C"]
[Black "Farago,S"]
[Result "1/2-1/2"]
[WhiteElo "2376"]
[BlackElo "2256"]

1.Nf3 d5 2.g3 Nf6 3.Bg2 c6 4.O-O Bf5 5.d3 h6 6.Nbd2 e6 7.b3 Nbd7 8.Bb2 Bc5
9.a3 a5 10.c3 O-O 11.b4 Bb6 12.c4 Re8 13.Ne5 Nxe5 14.Bxe5 Ng4 15.Bc3 d4 16.Bb2 e5
17.Qb3 a4 18.Qc2 Qd7 19.c5 Bc7 20.Rad1 Nf6 21.Nc4 Bg4 22.Rde1 Bf5 23.Rd1 Bg4
24.Rde1  1/2-1/2

[Event "Parachute Advansed Int"]
[Site "Dhaka BAN"]
[Date "2010.03.10"]
[Round "3"]
[White "Minina,V"]
[Black "Rahman,SM"]
[Result "1-0"]
[WhiteElo "2130"]
[BlackElo "2294"]

1.Nf3 d5 2.g3 Nf6 3.Bg2 c6 4.O-O Bg4 5.c4 e6 6.cxd5 exd5 7.d3 Be7 8.Qc2 O-O
9.e4 Na6 10.a3 Nc5 11.h3 dxe4 12.dxe4 Bxf3 13.Bxf3 Qd3 14.Qxd3 Nxd3 15.Nc3 Nd7
16.Be2 N7c5 17.Be3 Bf6 18.f4 Bxc3 19.bxc3 Rfd8 20.Rad1 Rd7 21.Bd4 Nb2 22.Bxc5 Nxd1
23.Rxd1 Rxd1+ 24.Bxd1 Rd8 25.Be2 Rd2 26.Kf2 b6 27.Ke3 Ra2 28.Bd6 c5 29.e5 Rxa3
30.Kd3 g6 31.g4 Ra1 32.f5 gxf5 33.gxf5 Rh1 34.e6 Rxh3+ 35.Ke4 fxe6 36.fxe6 Rh2
37.Bxh2  1-0

[Event "11th EICC Men"]
[Site "Rijeka CRO"]
[Date "2010.03.10"]
[Round "5"]
[White "Danielsen,Hen"]
[Black "Lanzani,M"]
[Result "1-0"]
[WhiteElo "2494"]
[BlackElo "2371"]

1.g3 d5 2.Nf3 c5 3.Bg2 Nc6 4.O-O e5 5.d3 Nge7 6.c4 d4 7.b4 cxb4 8.a3 Ng6
9.axb4 Bxb4 10.Ba3 O-O 11.Ne1 Bxa3 12.Rxa3 Bd7 13.Nd2 Qc7 14.Nc2 Rab8 15.Qa1 b5
16.Bxc6 Bxc6 17.Nb4 Ba8 18.Rxa7 Qc8 19.cxb5 Rxb5 20.Rc1 Qb8 21.Nc6 Qe8 22.Rc7 Qe6
23.Ne4 Rb6 24.Qa4 Rb2 25.h4 h5 26.Qd1 Rb6 27.Ng5 Qg4 28.Kh2 Rxc6 29.R7xc6 Bxc6
30.Rxc6 Nxh4 31.gxh4 Qxh4+ 32.Nh3 g5 33.Qc1 f6 34.Rc7 Qg4 35.Qc4+ Kh8 36.Rf7  1-0

[Event "Parachute Advansed Int"]
[Site "Dhaka BAN"]
[Date "2010.03.11"]
[Round "5"]
[White "Minina,V"]
[Black "Uddin,S"]
[Result "1-0"]
[WhiteElo "2130"]
[BlackElo "2177"]

1.Nf3 d5 2.g3 Bg4 3.Bg2 Nd7 4.c4 c6 5.cxd5 cxd5 6.Qa4 Nf6 7.Nc3 e6 8.Ne5 Bf5
9.g4 Bg6 10.h4 h6 11.Nxg6 fxg6 12.d3 Bc5 13.g5 hxg5 14.hxg5 Nh5 15.Bd2 Qb6
16.O-O-O Bxf2 17.Kb1 O-O-O 18.Rc1 Kb8 19.Nb5 Rc8 20.Ba5 Qa6 21.Nc7 Qd6 22.Qg4 Be3
23.Rc3 Bd2 24.Nb5 Qf4 25.Qxe6 Nc5 26.Rxc5 Rxc5 27.Bxd2 Qg3 28.Bb4 Qxg2 29.Bxc5 Qxh1+
30.Kc2  1-0

[Event "11th EICC Men"]
[Site "Rijeka CRO"]
[Date "2010.03.11"]
[Round "6"]
[White "Grachev,B"]
[Black "Gyimesi,Z"]
[Result "1/2-1/2"]
[WhiteElo "2667"]
[BlackElo "2586"]

1.Nf3 d5 2.g3 Nf6 3.Bg2 c6 4.O-O Bg4 5.d4 e6 6.Nbd2 Be7 7.Re1 Nbd7 8.e4 O-O
9.c3 dxe4 10.Nxe4 Nxe4 11.Rxe4 Bxf3 12.Qxf3 Bg5 13.h4 Bxc1 14.Rxc1 a5 15.Rce1 a4
16.a3 Ra5 17.Qd1 Qb6 18.Qc2 Rd8 19.Bf1 Nf6 20.Re5 Nd7 21.R5e4 Nf6 22.Re5 Nd7
23.Rxa5 Qxa5 24.Bc4 g6 25.Ba2 Kg7 26.Re2 Ra8 27.Qe4 Qc7 28.Qe3 Ra5 29.Kg2 Nf6
30.Bb1 Qd6 31.Qf3 Qd5 32.Re5 Qxf3+ 33.Kxf3 Ra7 34.Bd3 Nd7 35.Re2 Kf6 36.g4 h6
37.Kg3 Ra5 38.f4 h5 39.g5+ Ke7 40.Kf3 Kd6 41.Ke3 b5 42.Bb1  1/2-1/2

[Event "11th EICC Men"]
[Site "Rijeka CRO"]
[Date "2010.03.11"]
[Round "6"]
[White "Markus,Rob"]
[Black "Prohaszka,P2"]
[Result "1/2-1/2"]
[WhiteElo "2618"]
[BlackElo "2501"]

1.Nf3 d5 2.g3 Nf6 3.Bg2 c6 4.d3 Bg4 5.h3 Bh5 6.O-O Nbd7 7.Qe1 e5 8.e4 dxe4
9.dxe4 Bc5 10.Nbd2 O-O 11.Nc4 Re8 12.a4 Qc7 13.Nh4 b5 14.Ne3 a6 15.Nef5 Bg6
16.Bg5 Re6 17.Bf3 Bf8 18.Qe2 Nc5 19.axb5 cxb5 20.Rfd1 Nfd7 21.Bd2 Nb6 22.Nxg6 hxg6
23.Ne3 Ree8 24.Ba5 Qb7 25.Bg2 Ne6 26.c3 Rac8 27.Bxb6 Qxb6 28.h4 Nc7 29.b4 Rcd8
30.Rd3 Rxd3 31.Qxd3 Re6 32.Bf3 Rd6 33.Qc2 Rd8 34.Kg2 Qd6 35.Qb3 Qb6 36.Qc2 Qd6
37.Rh1 Qb6 38.Bd1 a5 39.bxa5 Qxa5 40.h5 gxh5 41.Rxh5 g6 42.Rh1 Bg7 43.Bf3 Qa3
44.Rd1 Rxd1 45.Bxd1 Qc5 46.Qd3 Bf8 47.Bb3 Qd6 48.Qe2 Qd7 49.Qf3 Bg7 50.Ng4 Ne8
51.Ne3 Nf6 52.Nd5 Nxd5 53.Bxd5 Qc7 54.Ba2 Qd7 55.Qe3 Qb7 56.Bd5 Qc7 57.Qd3 Qd7
58.Qe3 Qc7 59.Bb3 Bf8 60.Qd2 Qc6 61.Bd5 Qf6 62.Qe3 Kg7 63.Qf3 Qxf3+  1/2-1/2

[Event "11th EICC Women"]
[Site "Rijeka CRO"]
[Date "2010.03.11"]
[Round "6"]
[White "Franciskovic,B"]
[Black "Molchanova,T"]
[Result "0-1"]
[WhiteElo "2245"]
[BlackElo "2369"]

1.Nf3 d5 2.g3 g6 3.Bg2 Bg7 4.c4 e6 5.O-O Ne7 6.d3 O-O 7.Qb3 c6 8.Bf4 Nd7
9.cxd5 exd5 10.Nc3 Nc5 11.Qa3 Ne6 12.Bd6 Re8 13.e4 Nc7 14.Be5 Bxe5 15.Nxe5 Be6
16.f4 f6 17.Nf3 Kg7 18.Rad1 Bg4 19.h3 Bxf3 20.Bxf3 Qd7 21.Bg2 a6 22.Na4 Nb5
23.Nb6 Nxa3 24.Nxd7 Nc2 25.Rf2 Ne3 26.Re1 Nxg2 27.Kxg2 Nf5 28.e5 fxe5 29.fxe5 Re7
30.Nf6 a5 31.g4 Nd4 32.h4 h6 33.Kh3 Rd8 34.a3 a4 35.Re3 c5 36.Rf4 b5 37.Re1 Nc6
38.h5 g5 39.Rf5 Nxe5 40.Kg3 Re6 41.Re2 Re7 42.Nd7 Nc6 43.Ne5 Nd4 44.Ref2 Nxf5+
45.Rxf5 Rde8 46.Nf3 Re3 47.Rxd5 Rf8 48.Rf5 Rxf5 49.gxf5 Kf6  0-1